| 000 | 00000cam 2200000zi 4500 |
| 001 | 9.961404 |
| 003 | CaOODSP |
| 005 | 20260515132022 |
| 006 | m o d f |
| 007 | cr cn |||||||| |
| 008 | 260327e202604 oncabd ob f000 0 fre d |
| 020 | |a9780660992778 |
| 040 | |aCaOODSP|bfre|erda|cCaOODSP |
| 043 | |an-cn--- |
| 086 | 1 |aFs70-5/2026-033F-PDF |
| 100 | 1 |aChamberland, Jean-Martin, |eauteur. |
| 245 | 12|aL'état du stock de flétan du Groenland du golfe du Saint-Laurent (4RST) en 2024 / |cJean-Martin Chamberland, Laurie Isabel, et Hugues Benoît. |
| 264 | 1|aOttawa (Ontario) : |bSecrétariat canadien de consultation scientifique (SCCS), |cavril 2026. |
| 264 | 4|c©2026 |
| 300 | |a1 ressource en ligne (v, 147 pages) : |billustrations, cartes, graphiques. |
| 336 | |atexte|btxt|2rdacontent/fre |
| 337 | |ainformatique|bc|2rdamedia/fre |
| 338 | |aressource en ligne|bcr|2rdacarrier/fre |
| 490 | 1 |aDocument de recherche, |x2292-4272 ; |v2026/033 |
| 500 | |aPublié aussi en anglais sous le titre : Gulf of St. Lawrence (4RST) Greenland halibut stock status in 2024. |
| 504 | |aComprend des références bibliographiques (pages 36-41). |
| 650 | 6|aFlétan du Groenland|zSaint-Laurent, Golfe du. |
| 650 | 6|aFlétan du Groenland|xPêche commerciale|zSaint-Laurent, Golfe du. |
| 650 | 6|aRessources halieutiques|xÉvaluation|zSaint-Laurent, Golfe du. |
| 710 | 1 |aCanada. |bMinistère des pêches et des océans. |bRégion du Québec, |eorganisme de publication. |
| 710 | 2 |aSecrétariat canadien de consultation scientifique, |eorganisme de publication. |
| 775 | 08|tGulf of St. Lawrence (4RST) Greenland halibut stock status in 2024 / |w(CaOODSP)9.961405 |
| 830 | #0|aDocument de recherche (Secrétariat canadien de consultation scientifique)|v2026/033.|w(CaOODSP)9.503788 |
| 856 | 40|qPDF|s22.9 Mo|uhttps://publications.gc.ca/collections/collection_2026/mpo-dfo/fs70-5/Fs70-5-2026-033-fra.pdf |